<?xml version="1.0" encoding="UTF-8"?>
<record
    xmlns:xsi="http://www.w3.org/2001/XMLSchema-instance"
    xsi:schemaLocation="http://www.loc.gov/MARC21/slim http://www.loc.gov/standards/marcxml/schema/MARC21slim.xsd"
    xmlns="http://www.loc.gov/MARC21/slim">

  <leader>00436nam a2200145Ia 4500</leader>
  <controlfield tag="008">230403s9999    xx            000 0 und d</controlfield>
  <datafield tag="020" ind1=" " ind2=" ">
    <subfield code="a">978-81-9472766-8</subfield>
  </datafield>
  <datafield tag="041" ind1=" " ind2=" ">
    <subfield code="a">eng</subfield>
  </datafield>
  <datafield tag="082" ind1=" " ind2=" ">
    <subfield code="a">N/613.2/BAN/B10133</subfield>
  </datafield>
  <datafield tag="100" ind1=" " ind2=" ">
    <subfield code="a">Bandana</subfield>
    <subfield code="9">180188</subfield>
  </datafield>
  <datafield tag="245" ind1=" " ind2=" ">
    <subfield code="a">Textbook of Applied Nutrition and Dietetics for Undergraduate Nursing Students</subfield>
  </datafield>
  <datafield tag="260" ind1=" " ind2=" ">
    <subfield code="b">Vision Health Sciences Pub.</subfield>
    <subfield code="a">Mohali</subfield>
    <subfield code="c">2021</subfield>
  </datafield>
  <datafield tag="300" ind1=" " ind2=" ">
    <subfield code="a">356p</subfield>
  </datafield>
  <datafield tag="999" ind1=" " ind2=" ">
    <subfield code="c">144299</subfield>
    <subfield code="d">144299</subfield>
  </datafield>
  <datafield tag="952" ind1=" " ind2=" ">
    <subfield code="0">0</subfield>
    <subfield code="1">0</subfield>
    <subfield code="4">0</subfield>
    <subfield code="7">0</subfield>
    <subfield code="8">N</subfield>
    <subfield code="a">BTIN</subfield>
    <subfield code="b">BTIN</subfield>
    <subfield code="d">2023-03-17</subfield>
    <subfield code="e">S.K.Kothari,Pune.</subfield>
    <subfield code="g">450.00</subfield>
    <subfield code="i">256</subfield>
    <subfield code="l">23</subfield>
    <subfield code="m">32</subfield>
    <subfield code="o">N 613.2 BAN B10133</subfield>
    <subfield code="p">BTIN-BK-10133</subfield>
    <subfield code="r">2026-01-21 07:16:48</subfield>
    <subfield code="s">2026-01-12</subfield>
    <subfield code="v">295.50</subfield>
    <subfield code="w">2023-03-17</subfield>
    <subfield code="y">BK</subfield>
    <subfield code="z">B10133</subfield>
  </datafield>
  <datafield tag="952" ind1=" " ind2=" ">
    <subfield code="0">0</subfield>
    <subfield code="1">0</subfield>
    <subfield code="4">0</subfield>
    <subfield code="7">0</subfield>
    <subfield code="8">N</subfield>
    <subfield code="a">BTIN</subfield>
    <subfield code="b">BTIN</subfield>
    <subfield code="d">2023-03-17</subfield>
    <subfield code="e">S.K.Kothari,Pune.</subfield>
    <subfield code="g">450.00</subfield>
    <subfield code="i">256</subfield>
    <subfield code="l">25</subfield>
    <subfield code="m">35</subfield>
    <subfield code="o">N 613.2 BAN B10134</subfield>
    <subfield code="p">BTIN-BK-10134</subfield>
    <subfield code="r">2026-01-21 07:15:05</subfield>
    <subfield code="s">2026-01-12</subfield>
    <subfield code="v">292.50</subfield>
    <subfield code="w">2023-03-17</subfield>
    <subfield code="y">BK</subfield>
    <subfield code="z">B10134</subfield>
  </datafield>
  <datafield tag="952" ind1=" " ind2=" ">
    <subfield code="0">0</subfield>
    <subfield code="1">0</subfield>
    <subfield code="4">0</subfield>
    <subfield code="7">0</subfield>
    <subfield code="8">N</subfield>
    <subfield code="a">BTIN</subfield>
    <subfield code="b">BTIN</subfield>
    <subfield code="d">2023-03-17</subfield>
    <subfield code="e">S.K.Kothari,Pune.</subfield>
    <subfield code="g">450.00</subfield>
    <subfield code="i">256</subfield>
    <subfield code="l">28</subfield>
    <subfield code="m">31</subfield>
    <subfield code="o">N 613.2 BAN B10135</subfield>
    <subfield code="p">BTIN-BK-10135</subfield>
    <subfield code="r">2025-07-21 00:00:00</subfield>
    <subfield code="s">2025-06-23</subfield>
    <subfield code="v">292.50</subfield>
    <subfield code="w">2023-03-17</subfield>
    <subfield code="y">BK</subfield>
    <subfield code="z">B10135</subfield>
  </datafield>
  <datafield tag="952" ind1=" " ind2=" ">
    <subfield code="0">0</subfield>
    <subfield code="1">0</subfield>
    <subfield code="4">0</subfield>
    <subfield code="7">0</subfield>
    <subfield code="8">N</subfield>
    <subfield code="a">BTIN</subfield>
    <subfield code="b">BTIN</subfield>
    <subfield code="d">2023-03-17</subfield>
    <subfield code="e">S.K.Kothari,Pune.</subfield>
    <subfield code="g">450.00</subfield>
    <subfield code="i">256</subfield>
    <subfield code="l">24</subfield>
    <subfield code="m">31</subfield>
    <subfield code="o">N 613.2 BAN B10136</subfield>
    <subfield code="p">BTIN-BK-10136</subfield>
    <subfield code="r">2025-07-21 00:00:00</subfield>
    <subfield code="s">2025-06-26</subfield>
    <subfield code="v">292.50</subfield>
    <subfield code="w">2023-03-17</subfield>
    <subfield code="y">BK</subfield>
    <subfield code="z">B10136</subfield>
  </datafield>
  <datafield tag="952" ind1=" " ind2=" ">
    <subfield code="0">0</subfield>
    <subfield code="1">0</subfield>
    <subfield code="4">0</subfield>
    <subfield code="7">0</subfield>
    <subfield code="8">N</subfield>
    <subfield code="a">BTIN</subfield>
    <subfield code="b">BTIN</subfield>
    <subfield code="d">2023-03-17</subfield>
    <subfield code="e">S.K.Kothari,Pune.</subfield>
    <subfield code="g">450.00</subfield>
    <subfield code="i">256</subfield>
    <subfield code="l">28</subfield>
    <subfield code="m">32</subfield>
    <subfield code="o">N 613.2 BAN B10137</subfield>
    <subfield code="p">BTIN-BK-10137</subfield>
    <subfield code="r">2025-07-21 00:00:00</subfield>
    <subfield code="s">2025-06-27</subfield>
    <subfield code="v">292.50</subfield>
    <subfield code="w">2023-03-17</subfield>
    <subfield code="y">BK</subfield>
    <subfield code="z">B10137</subfield>
  </datafield>
</record>
